01442nam a2200349 a 4500001001100000003000800011006001900019007001500038008004100053010001700094020003500111020003500146040002100181035002000202050002400222082001200246100002400258245012700282260006600409300001600475490005300491504006800544533015200612650003100764650003400795650004300829655002900872710001700901830003400918856012500952999001501077ebr5000154CaPaEBRm u cr cn|||||||||000623s2000 ne sb 001 0 eng  z 00057202  z1556199880 (U.S. : alk. paper) z9027227608 (Eur. : alk. paper) aCaPaEBRcCaPaEBR a(OCoLC)4985519614aPE1261b.G45 2000eb04a4252211 aGelderen, Elly van.12aA history of English reflexive pronounsh[electronic resource] :bperson, self, and interpretability /cElly van Gelderen. aAmsterdam ;aPhiladelphia :bJohn Benjamins Pub. Co.,cc2000. axiv, 277 p.1 aLinguistik aktuell =aLinguistics today ;vv. 39 aIncludes bibliographical references (p. [257]-268) and indexes. aElectronic reproduction.bPalo Alto, Calif. :cebrary,d2013.nAvailable via World Wide Web.nAccess may be limited to ebrary affiliated libraries. 0aEnglish languagexPronoun. 0aEnglish languagexReflexives. 0aEnglish languagexGrammar, Historical. 7aElectronic books.2local2 aebrary, Inc. 0aLinguistik aktuell ;vBd. 39.40uhttp://site.ebrary.com/lib/rucke/Doc?id=5000154zAn electronic book accessible through the World Wide Web; click to view c2668d2668